Korea observer

Detalles Bibliográficos
Autor Corporativo: Han'guk Haksul Yŏn'guwŏn (Korea)
Formato: Electrónico Revista
Lenguaje:inglés
Publicado: [Seoul] : Academy of Korean Studies, [1968-
Materias:
Acceso en línea:Full text available from Research Library: 12/01/1998 to present

MARC

LEADER 00000nas a2200000 a 4500
001 ssj0019444
003 WaSeSS
005 20200512172242.0
006 m d
007 cr n
008 740129c19689999ko qr p s 0 0eng
010 |a  73647145  
016 7 |a 011116079  |2 Uk 
016 7 |a 000266926  |2 IsJJNL 
016 |a (AMICUS)000000096768 
022 |l 0023-3919  |y 0023-3919 
035 |a (WaSeSS)ssj0019444 
037 |b Institute of Korean Studies, C.P.O. Box 3410, Seoul 100, Korea 
040 |a DLC  |b eng  |c DLC  |d OCL  |d NST  |d NYG  |d DLC  |d NST  |d GUA  |d NST  |d IUL  |d SYS  |d NLGGC  |d MUQ  |d OCLCQ  |d UKMGB  |d OCLCO  |d IUL  |d OCLCF  |d OCLCO  |d OCLCA  |d J9U  |d NLC  |d OCLCQ  |d DCHUA  |d U3G  |d WaSeSS 
042 |a pcc 
043 |a a-ko--- 
050 0 0 |a DS901  |b .K717 
082 0 4 |a 915.19/03/05 
245 0 0 |a Korea observer  |h [electronic resource]. 
246 1 3 |6 880-01  |a Hanʼguk haksul yŏnʼgu  |f <winter 1981- 
260 |a [Seoul] :  |b Academy of Korean Studies,  |c [1968- 
310 |a Quarterly 
362 0 |a Vol. 1, no. 1 (Oct. 1968)- 
500 |a Title from cover. 
506 |a License restrictions may limit access. 
550 |a Volumes for Oct. 1968-winter 1981 issued by: Academy of Korean Studies; spring 1982- by: Institute of Korean Studies. 
588 |a Latest issue consulted: Vol. 17, no. 4 (winter 1986). 
651 0 |a Korea (South)  |v Periodicals. 
651 7 |a Korea (South)  |2 fast  |0 (OCoLC)fst01206791 
651 6 |a Corée du Sud  |v Périodiques. 
655 0 |a Electronic journals. 
710 2 |a Han'guk Haksul Yŏn'guwŏn (Korea) 
850 |a AAP  |a ArU  |a CCC  |a CSt  |a CU-S  |a CU-SB  |a CoU  |a DLC  |a GU  |a IAS  |a IaAS  |a InU  |a KMK  |a LNT  |a MH-HY  |a MoU  |a N  |a NcRS  |a OCU  |a OU  |a OkU  |a PU  |a RPB  |a WvU 
853 1 2 |8 1  |a v.  |b no.  |u 04  |v r  |i (year)  |j (month)  |w q  |x 10 
853 1 2 |8 2  |a v.  |b no.  |u 04  |v r  |i (year)  |j (season)  |w x 
853 1 2 |8 3  |a v.  |b no.  |u 04  |v r  |i (year)  |j (season)  |w q  |x 21 
856 4 0 |z Full text available from Research Library: 12/01/1998 to present  |u https://search.proquest.com/publication/46815 
863 4 0 |8 1  |a <1>-  |i <1968>-  |x provisional 
863 4 0 |8 2  |a <5>  |b <1>-  |x provisional 
863 4 0 |8 3  |a <8>-  |i <1977>-  |x provisional 
880 1 3 |6 246-01/$1  |a 한국 학술 연구  |f <winter 1981-